000 02539nam0a2200397 4500
001 RU\NLR\BIBL_A\011639683
005 20260407140943.0
020 _aRU
_b11895
_9Сводный каталог листовок первых лет Советской власти (25 октября (7 ноября) 1917 - 1925) Т.4 (Ч.3). Листовки советских, партийных, профсоюзных, комсомольских и других организаций губерний РСФСР
035 _a(NLR Aleph) 011639683
090 _a11073111
_c11073111
100 _a20180221d1919 |||y0rusy50 ca
101 0 _arus
102 _aRU
105 _ay z 000zy
135 _acrcn 024anaba
200 1 _aОбъявление по мобилизации. "На основании приказа Реввоенсовета...": [О призыве 30 мая 1919 г. солдат царской армии 1894-1898 гг. рождения вернувшихся из плена
_eлистовка
_fТверской уезд. комиссариат по военным делам]
210 _aТверь
_c2-я гос. тип
_d[1919, май]
215 _a1 с.
_d42х29
300 _aПодпись: тверской уездный комиссар
325 _aКопия доступна в Электрон. б-ке РНБ
517 1 _a"На основании приказа Реввоенсовета...": [О призыве 30 мая 1919 г. солдат царской армии 1894-1898 гг. рождения вернувшихся из плена
517 1 _aО призыве 30 мая 1919 г. солдат царской армии 1894-1898 гг. рождения вернувшихся из плена
607 _aРСФСР
_jЛистовки
_xПолитика и управление
_y1917 - 1925
_92312782
_3RU\NLR\auth\6601609564
686 0 _aТ3(2)71-313,011
686 0 _aТ3(2)712.29-9(2Р-8Тв),011
711 0 2 _aТверской уездный комиссариат по военным делам
_9594711
_3RU\NLR\AUTH\880466287
711 0 1 _aРСФСР
_bРеволюционный военный совет
_3RU\NLR\AUTH\8810008431
_9514601
852 0 0 _aNLR
_bФЛ
_j56/71
942 _cBOOK
980 _aNB
981 2 1 _a(21) Листовки
_b(21) Листовки 1919 года